تاريخ اسلام.;;Tārīkh-i Islām./ (Record no. 80082)
[ view plain ]
| 000 -LEADER | |
|---|---|
| fixed length control field | 00821cas a2200253 a 4500 |
| 001 - CONTROL NUMBER | |
| control field | 80082 |
| 003 - CONTROL NUMBER IDENTIFIER | |
| rucl marc code | BD-RjUL |
| 005 - DATE AND TIME OF LATEST TRANSACTION | |
| control field | 20220705100913.0 |
| 008 - FIXED-LENGTH DATA ELEMENTS--GENERAL INFORMATION | |
| fixed length control field | 220705s1955 pakqr | 0 z0urd |
| 035 ## - SYSTEM CONTROL NUMBER | |
| System control number | (BD-RjUL) 80082 |
| 040 ## - CATALOGING SOURCE | |
| Original cataloging agency | IXA |
| Language of cataloging | urd |
| Transcribing agency | IXA |
| Modifying agency | OCLCQ |
| -- | IXA |
| -- | DLC |
| -- | OCLCF |
| -- | OCLCQ |
| 041 0# - LANGUAGE CODE | |
| Language code of text/sound track or separate title | urd |
| -- | urd |
| 082 ## - DEWEY DECIMAL CLASSIFICATION NUMBER | |
| Edition number | 23 |
| Classification number | 297.09 |
| Author mark and year | HAT 1955 |
| 100 1# - MAIN ENTRY--PERSONAL NAME | |
| Personal name | Najibabadi, Akbar Shah Khan ;; نجيب ابادي, اكبر شاه خان |
| 9 (RLIN) | 250294 |
| 245 10 - TITLE STATEMENT | |
| Title | تاريخ اسلام.;;Tārīkh-i Islām./ |
| Statement of responsibility, etc. | حميد الدين ;; Hamid Al-Din |
| 246 15 - VARYING FORM OF TITLE | |
| Title proper/short title | History of Islam |
| 250 ## - EDITION STATEMENT | |
| Edition statement | 3rd. ed. |
| 260 ## - PUBLICATION, DISTRIBUTION, ETC. (IMPRINT) | |
| Place of publication, distribution, etc. | Karachi : |
| Name of publisher, distributor, etc. | Firoz book , |
| Date of publication, distribution, etc. | 1955 |
| 300 ## - PHYSICAL DESCRIPTION | |
| Pagination | 497 p. ; |
| Size | 17 cm |
| 650 #0 - SUBJECT ADDED ENTRY--TOPICAL TERM | |
| Topical term or geographic name as entry element | Islam |
| General subdivision | History |
| 9 (RLIN) | 250295 |
| Topical term or geographic name as entry element | Islam. |
| Source of heading or term | fast |
| 9 (RLIN) | 250296 |
| 942 ## - ADDED ENTRY ELEMENTS (KOHA) | |
| Source of classification or shelving scheme | Dewey Decimal Classification |
| Koha item type | Books |
| Lost status | Source of classification or shelving scheme | Damaged status | Not for loan | Collection code | Permanent Location | Current Location | Shelving location | Date acquired | Source of acquisition | Cost, normal purchase price | Full call number | Date last seen | Copy number | Koha item type |
|---|---|---|---|---|---|---|---|---|---|---|---|---|---|---|
| Dewey Decimal Classification | Not For Loan | Non-fiction | Central Library, University of Rajshahi | Central Library, University of Rajshahi | Reading Room | 05/07/2022 | feroz & sons, Hahore | 5.00 | U 297.09 HAT 1955 | 05/07/2022 | C-1 | Books |